00320nam a22001097a 4500020001800000082001300018100002400031245010300055260002800158300000800186650001600194 a0-19-809220-2 a297.0954 aPOONAWALA, Ismail K aTurks in the Indian Subcontinent, Central and West Asia: The Turkish Presence in the Islamic World aNew DelhibOxfordc2017 a385 aIslam-India